Clarke's analytical forensic toxicology / (Record no. 21454)
[ view plain ]
| 000 -LEADER | |
|---|---|
| fixed length control field | 01111cam a22002895a 4500 |
| 001 - CONTROL NUMBER | |
| control field | 16301009 |
| 005 - DATE AND TIME OF LATEST TRANSACTION | |
| control field | 20160320140816.0 |
| 008 - FIXED-LENGTH DATA ELEMENTS--GENERAL INFORMATION | |
| fixed length control field | 100624s2008 enka frb 001 0 eng d |
| 020 ## - INTERNATIONAL STANDARD BOOK NUMBER | |
| International Standard Book Number | 9780853697053 |
| 020 ## - INTERNATIONAL STANDARD BOOK NUMBER | |
| International Standard Book Number | 0853697051 |
| 040 ## - CATALOGING SOURCE | |
| Original cataloging agency | BTCTA |
| Transcribing agency | BTCTA |
| Modifying agency | BAKER |
| -- | YDXCP |
| -- | PFM |
| -- | CDX |
| -- | UKM |
| -- | DLC |
| -- | EG-ScBUE |
| Language of cataloging | eng |
| 082 04 - DEWEY DECIMAL CLASSIFICATION NUMBER | |
| Classification number | 614.13 |
| Edition number | 22 |
| Item number | CLA |
| 245 00 - TITLE STATEMENT | |
| Title | Clarke's analytical forensic toxicology / |
| Statement of responsibility, etc | edited by Sue Jickells, Adam Negrusz. |
| 246 3# - VARYING FORM OF TITLE | |
| Title proper/short title | Analytical forensic toxicology |
| 260 ## - PUBLICATION, DISTRIBUTION, ETC. (IMPRINT) | |
| Place of publication, distribution, etc | London ; |
| -- | Chicago : |
| Name of publisher, distributor, etc | Pharmaceutical Press, |
| Date of publication, distribution, etc | 2008. |
| 300 ## - PHYSICAL DESCRIPTION | |
| Extent | xxiv, 648 p. : |
| Other physical details | ill. ; |
| Dimensions | 25 cm. |
| 500 ## - GENERAL NOTE | |
| General note | "This book is adapted from contributions published in volume 1 of Clarke's analysis of drugs and poisons, 3rd edition." |
| 500 ## - GENERAL NOTE | |
| General note | Index : p. [625]-648. |
| 504 ## - BIBLIOGRAPHY, ETC. NOTE | |
| Bibliography, etc | Includes bibliographical references. |
| 650 #7 - SUBJECT ADDED ENTRY--TOPICAL TERM | |
| Topical term or geographic name as entry element | Forensic toxicology. |
| Source of heading or term | BUEsh |
| 9 (RLIN) | 39604 |
| 650 #7 - SUBJECT ADDED ENTRY--TOPICAL TERM | |
| Topical term or geographic name as entry element | Analytical toxicology. |
| Source of heading or term | BUEsh |
| 9 (RLIN) | 39605 |
| 653 ## - INDEX TERM--UNCONTROLLED | |
| Resource For college | Pharmacy |
| Arrived date list | March2016 |
| 700 1# - ADDED ENTRY--PERSONAL NAME | |
| Personal name | Jickells, Sue, |
| Relator term | editor. |
| 700 1# - ADDED ENTRY--PERSONAL NAME | |
| Personal name | Negrusz, Adam, |
| Titles and other words associated with a name | Ph. D., |
| Relator term | editor. |
| 740 0# - ADDED ENTRY--UNCONTROLLED RELATED/ANALYTICAL TITLE | |
| Uncontrolled related/analytical title | Clarke's analysis of drugs and poisons. |
| 942 ## - ADDED ENTRY ELEMENTS (KOHA) | |
| Source of classification or shelving scheme | Dewey Decimal Classification |
| Withdrawn status | Item status | Source of classification or shelving scheme | Damaged status | Not for loan | Vendor | Home library | Current library | Shelving location | Date acquired | Source of acquisition | Cost, normal purchase price | Serial Enumeration / chronology | Total Checkouts | Full call number | Barcode | Date last seen | Koha item type |
|---|---|---|---|---|---|---|---|---|---|---|---|---|---|---|---|---|---|
| Dewey Decimal Classification | Scientific home BookShop | Central Library | Central Library | First floor | 20/03/2016 | Purchase | 475.00 | 1 | 614.13 CLA | 000032108 | 15/07/2025 | Book - Borrowing |